<?xml version="1.0" encoding="UTF-8"?><marc:collection xmlns:marc="http://www.loc.gov/MARC21/slim">
  <marc:record>
    <marc:leader>00000nam##2200000za#4500</marc:leader>
    <marc:controlfield tag="001">9.573077</marc:controlfield>
    <marc:controlfield tag="003">CaOODSP</marc:controlfield>
    <marc:controlfield tag="005">20210929082754</marc:controlfield>
    <marc:controlfield tag="007">cr |||||||||||</marc:controlfield>
    <marc:controlfield tag="008">150406|2002||||xxc|||||o    f|0| 0 eng|d</marc:controlfield>
    <marc:datafield tag="040" ind1=" " ind2=" ">
      <marc:subfield code="a">CaOODSP</marc:subfield>
      <marc:subfield code="b">eng</marc:subfield>
    </marc:datafield>
    <marc:datafield tag="043" ind1=" " ind2=" ">
      <marc:subfield code="a">n-cn---</marc:subfield>
    </marc:datafield>
    <marc:datafield tag="086" ind1="1" ind2=" ">
      <marc:subfield code="a">Fo46-17/393E-PDF</marc:subfield>
    </marc:datafield>
    <marc:datafield tag="110" ind1="1" ind2=" ">
      <marc:subfield code="a">Canada. </marc:subfield>
      <marc:subfield code="b">Natural Resources Canada. </marc:subfield>
      <marc:subfield code="b">Canadian Forest Service.</marc:subfield>
    </marc:datafield>
    <marc:datafield tag="245" ind1="1" ind2="0">
      <marc:subfield code="a">Levels-of-Growing-Stock cooperative study in Douglas-fir. Report no. 16, Sayward Forest and Shawnigan Lake / </marc:subfield>
      <marc:subfield code="h">[electronic resource]</marc:subfield>
      <marc:subfield code="c">[by] Dennis Beddows. </marc:subfield>
    </marc:datafield>
    <marc:datafield tag="260" ind1=" " ind2=" ">
      <marc:subfield code="a">Victoria - British Columbia : </marc:subfield>
      <marc:subfield code="b">Natural Resources Canada. </marc:subfield>
      <marc:subfield code="c">2002.</marc:subfield>
    </marc:datafield>
    <marc:datafield tag="300" ind1=" " ind2=" ">
      <marc:subfield code="a">80p.</marc:subfield>
      <marc:subfield code="b">figs., graphs, map, references, tables</marc:subfield>
    </marc:datafield>
    <marc:datafield tag="490" ind1="1" ind2=" ">
      <marc:subfield code="a">Information report. [BC-X series]</marc:subfield>
      <marc:subfield code="v">BC-X-393</marc:subfield>
    </marc:datafield>
    <marc:datafield tag="500" ind1=" " ind2=" ">
      <marc:subfield code="a">"In 1969, the Canadian Forest Service (CFS) joined the Levels-Of-Growing-Stock (LOGS) cooperative study in Douglas-fir, coordinated by the Pacific Northwest Research Station, U.S. Forest Service, Portland, Oregon. Thus, this report is both Report No. 16 in the LOGS series and CFS Information Report BC-X-393."--p.3 of 80. The catalogue number (Fo46-17/393E), ISSN (0830-0453) and ISBN (0-662-32132-4) for the print edition have been incorrectly copied in this electronic publication.</marc:subfield>
    </marc:datafield>
    <marc:datafield tag="520" ind1="3" ind2=" ">
      <marc:subfield code="a">In the 1960s, nine installations of Douglas-fir were established in the Pacific Northwest by the Levels-of-Growing-Stock Cooperative, a research cooperative comprising both Canadian and US forests services, including the British Columbia Ministry of Forests and the Canadian Forest Service. These installations were established to determine the effects of the amount of growing stock retained in repeatedly thinned stands of Douglas-fir on cumulative wood production, tree size and growth-to-growing stock ratios. This is a report on two installations on Vancouver Island, one at Sayward Forest and one at Shawnigan Lake.</marc:subfield>
    </marc:datafield>
    <marc:datafield tag="546" ind1=" " ind2=" ">
      <marc:subfield code="a">(Résumé en français.)</marc:subfield>
    </marc:datafield>
    <marc:datafield tag="590" ind1=" " ind2=" ">
      <marc:subfield code="a">12-11-Supp</marc:subfield>
      <marc:subfield code="b">2012-03-27</marc:subfield>
    </marc:datafield>
    <marc:datafield tag="690" ind1="0" ind2="7">
      <marc:subfield code="a">Model forests</marc:subfield>
      <marc:subfield code="2">gcpds</marc:subfield>
    </marc:datafield>
    <marc:datafield tag="690" ind1="0" ind2="7">
      <marc:subfield code="a">Trees</marc:subfield>
      <marc:subfield code="2">gcpds</marc:subfield>
    </marc:datafield>
    <marc:datafield tag="690" ind1="0" ind2="7">
      <marc:subfield code="a">Western provinces</marc:subfield>
      <marc:subfield code="2">gcpds</marc:subfield>
    </marc:datafield>
    <marc:datafield tag="720" ind1="1" ind2=" ">
      <marc:subfield code="a">Beddows, Dennis</marc:subfield>
    </marc:datafield>
    <marc:datafield tag="776" ind1="0" ind2="#">
      <marc:subfield code="t">Levels-of-growing-stock cooperative study in Douglas-fir : </marc:subfield>
      <marc:subfield code="w">(CaOODSP)9.615955</marc:subfield>
    </marc:datafield>
    <marc:datafield tag="830" ind1="#" ind2="0">
      <marc:subfield code="a">Information report (Pacific Forestry Centre)</marc:subfield>
      <marc:subfield code="v">BC-X-393</marc:subfield>
      <marc:subfield code="w">(CaOODSP)9.505141</marc:subfield>
    </marc:datafield>
    <marc:datafield tag="856" ind1="4" ind2="0">
      <marc:subfield code="a">http://publications.gc.ca</marc:subfield>
      <marc:subfield code="q">PDF</marc:subfield>
      <marc:subfield code="s">1.04 MB</marc:subfield>
      <marc:subfield code="u">https://publications.gc.ca/collections/Collection/Fo46-17-393E.pdf</marc:subfield>
      <marc:subfield code="y">BC-X-393</marc:subfield>
    </marc:datafield>
  </marc:record>
</marc:collection>
